[Event "43rd Guernsey International Open"]
[Site "?"]
[Date "2017.10.19"]
[Round "5"]
[White "Munshi, Aditya"]
[Black "Rosen, Daniel B"]
[Result "1-0"]
[WhiteElo "1986"]
[BlackElo "2042"]
[PlyCount "83"]
[EventDate "2017.10.15"]
[EventType "swiss"]
[EventRounds "7"]
[SourceDate "2017.11.01"]
[SourceVersionDate "2017.11.01"]

1. c4 e5 2. e3 d6 3. Nc3 Nf6 4. d4 Be7 5. Nf3 Nc6 6. Be2 O-O 7. O-O Bg4 8. h3
Bh5 9. d5 Nb8 10. Ne1 Bxe2 11. Qxe2 Nbd7 12. e4 Ne8 13. Nd3 Bg5 14. Nd1 g6 15.
Rb1 Ng7 16. b4 Bxc1 17. Rxc1 f5 18. f3 Nh5 19. Re1 fxe4 20. fxe4 Qg5 21. Nc3
Nf4 22. Nxf4 exf4 23. Rf1 Ne5 24. Kh1 Qg3 25. Qf2 Qxf2 26. Rxf2 Nd3 27. Rff1
Nxc1 28. Rxc1 f3 29. gxf3 Rxf3 30. Nb5 Raf8 31. Nxc7 Rxh3+ 32. Kg2 Ra3 33. Rc2
Rf4 34. Ne6 Rg4+ 35. Kh2 Rgg3 36. c5 Rh3+ 37. Kg2 Rag3+ 38. Kf1 Rh1+ 39. Kf2
Rd3 40. cxd6 Rh2+ 41. Ke1 Rxc2 42. d7 1-0

[Event "43rd Guernsey International Open"]
[Site "?"]
[Date "2017.10.19"]
[Round "5"]
[White "Wager, John D"]
[Black "Milnes, Anthony CP"]
[Result "1-0"]
[WhiteElo "2025"]
[BlackElo "2041"]
[PlyCount "61"]
[EventDate "2017.10.15"]
[EventType "swiss"]
[EventRounds "7"]
[SourceDate "2017.11.01"]
[SourceVersionDate "2017.11.01"]

1. d4 e6 2. Nf3 f5 3. d5 Bd6 4. c4 Nf6 5. Nc3 O-O 6. g3 Na6 7. Bg2 Nc5 8. O-O
a5 9. Nb5 e5 10. Nxd6 cxd6 11. b3 b6 12. a4 Qe8 13. Rb1 Nh5 14. Qc2 Bb7 15. Bd2
Rc8 16. Qd1 Ne4 17. Ne1 Nhf6 18. Bxe4 Nxe4 19. f3 Nxd2 20. Qxd2 f4 21. e4 Qg6
22. Qf2 fxg3 23. hxg3 Rb8 24. Kg2 Ba6 25. Nc2 Rfc8 26. Ne3 Rc5 27. Rh1 Kf7 28.
Rh4 Rh8 29. Rbh1 Ke8 30. Nf5 Kd8 31. Rg4 1-0

[Event "43rd Guernsey International Open"]
[Site "?"]
[Date "2017.10.19"]
[Round "5"]
[White "Kraft, Karl Heinz"]
[Black "Hewson, Brian WR"]
[Result "1/2-1/2"]
[WhiteElo "2036"]
[BlackElo "1995"]
[PlyCount "23"]
[EventDate "2017.10.15"]
[EventType "swiss"]
[EventRounds "7"]
[SourceDate "2017.11.01"]
[SourceVersionDate "2017.11.01"]

1. e4 c6 2. Nc3 d5 3. Qf3 dxe4 4. Nxe4 Nd7 5. b3 Ngf6 6. Bb2 Nxe4 7. Qxe4 Nf6
8. Qf4 Qa5 9. Bxf6 exf6 10. Nf3 Qf5 11. Qe3+ Qe6 12. Bd3 1/2-1/2

[Event "43rd Guernsey International Open"]
[Site "?"]
[Date "2017.10.19"]
[Round "5"]
[White "Collier, David O"]
[Black "Sedgwick, David R"]
[Result "0-1"]
[WhiteElo "2015"]
[BlackElo "1972"]
[PlyCount "84"]
[EventDate "2017.10.15"]
[EventType "swiss"]
[EventRounds "7"]
[SourceDate "2017.11.01"]
[SourceVersionDate "2017.11.01"]

1. d4 d5 2. Bf4 Nf6 3. e3 e6 4. c4 Bd6 5. Bg3 Ne4 6. Nc3 Nxc3 7. bxc3 c6 8. Nf3
Bxg3 9. hxg3 Nd7 10. Qc2 Nf6 11. Bd3 dxc4 12. Bxc4 Qa5 13. Rb1 b5 14. Be2 Bb7
15. O-O O-O 16. c4 a6 17. c5 h6 18. Ne5 Qc7 19. f4 Nd7 20. Nf3 Nf6 21. Ne5 Nd7
22. Nd3 Nf6 23. Bf3 Rad8 24. Kf2 a5 25. a3 Ba6 26. Rh1 b4 27. axb4 Bxd3 28.
Qxd3 axb4 29. Rxb4 Rb8 30. Rhb1 Nd5 31. Bxd5 exd5 32. Qb3 Rxb4 33. Qxb4 Ra8 34.
Qb6 Ra2+ 35. Kf3 Qd7 36. Qb8+ Kh7 37. Rh1 Qf5 38. Qb1 Rc2 39. Rc1 Qe4+ 40. Kg4
f5+ 41. Kh4 Rxc1 42. Qxc1 Qxg2 0-1

[Event "43rd Guernsey International Open"]
[Site "?"]
[Date "2017.10.19"]
[Round "5"]
[White "Marley, Andrew SG"]
[Black "Reijneveld, Ad"]
[Result "0-1"]
[WhiteElo "1949"]
[BlackElo "2078"]
[PlyCount "42"]
[EventDate "2017.10.15"]
[EventType "swiss"]
[EventRounds "7"]
[SourceDate "2017.11.01"]
[SourceVersionDate "2017.11.01"]

1. c4 c5 2. g3 g6 3. Bg2 Bg7 4. Nc3 Nc6 5. a3 Nf6 6. Rb1 a5 7. d3 d6 8. Nh3 O-O
9. O-O Bd7 10. Nf4 Rb8 11. Bd2 Ne8 12. e3 Nc7 13. Qc2 b5 14. cxb5 Nxb5 15. Nxb5
Rxb5 16. d4 cxd4 17. Bxc6 Rc5 18. Be4 Rxc2 19. Bxc2 dxe3 20. Bxe3 Qa8 21. f3
Bc6 0-1

[Event "43rd Guernsey International Open"]
[Site "?"]
[Date "2017.10.19"]
[Round "5"]
[White "Taylor, Mark V"]
[Black "Prill, Gerhard"]
[Result "1/2-1/2"]
[WhiteElo "2015"]
[BlackElo "1948"]
[PlyCount "48"]
[EventDate "2017.10.15"]
[EventType "swiss"]
[EventRounds "7"]
[SourceDate "2017.11.01"]
[SourceVersionDate "2017.11.01"]

1. d4 Nf6 2. Nc3 d5 3. Bg5 c6 4. f3 Qa5 5. e3 Qb4 6. a3 Qb6 7. Bd3 Nbd7 8. Nge2
g6 9. Qd2 Qxb2 10. O-O Qb6 11. Rab1 Qa5 12. e4 Qd8 13. e5 Nh5 14. f4 f6 15.
exf6 Ndxf6 16. f5 Qd6 17. fxg6 Ng4 18. Nf4 Bg7 19. Be2 hxg6 20. Bxg4 Bxg4 21.
Rxb7 Nf6 22. h3 Bc8 23. Rbb1 Bf5 24. Rb7 Bc8 1/2-1/2

[Event "43rd Guernsey International Open"]
[Site "?"]
[Date "2017.10.19"]
[Round "5"]
[White "Vorstermans, Peter"]
[Black "Hoogland, Rob"]
[Result "1-0"]
[WhiteElo "2007"]
[BlackElo "1915"]
[PlyCount "105"]
[EventDate "2017.10.15"]
[EventType "swiss"]
[EventRounds "7"]
[SourceDate "2017.11.01"]
[SourceVersionDate "2017.11.01"]

1. e4 c5 2. d4 cxd4 3. c3 g6 4. cxd4 d5 5. e5 Bg7 6. Nf3 Bg4 7. Be2 Bxf3 8.
Bxf3 Nc6 9. Nc3 e6 10. O-O Nge7 11. Be3 O-O 12. g4 f6 13. exf6 Bxf6 14. Bg2 Bg7
15. Ne2 Nc8 16. Qd2 Nd6 17. b3 Qb6 18. Nf4 Nd8 19. Rad1 Kh8 20. h4 Nb5 21. h5
g5 22. Ne2 h6 23. f4 gxf4 24. Nxf4 Rxf4 25. Rxf4 Nc6 26. Rf7 Nbxd4 27. Rxg7
Kxg7 28. Qd3 Kh8 29. Bxd4+ Nxd4 30. Qxd4+ Qxd4+ 31. Rxd4 Rc8 32. Rd2 Kg7 33.
Rf2 Rc3 34. Kh2 b6 35. Kg1 a5 36. Bf3 b5 37. Kg2 a4 38. bxa4 bxa4 39. Kf1 a3
40. Ke1 d4 41. Kd2 Re3 42. Bd1 e5 43. Re2 Rg3 44. Rxe5 d3 45. Bb3 Rxg4 46. Kxd3
Kf6 47. Rd5 Rh4 48. Kc3 Rf4 49. Bc4 Rh4 50. Rc5 Ke7 51. Kb4 Kd6 52. Rf5 Kc6 53.
Rf6+ 1-0

[Event "43rd Guernsey International Open"]
[Site "?"]
[Date "2017.10.19"]
[Round "5"]
[White "Boldt, Heinrich"]
[Black "Kozlowski, Thierry"]
[Result "0-1"]
[WhiteElo "1835"]
[BlackElo "2002"]
[PlyCount "48"]
[EventDate "2017.10.15"]
[EventType "swiss"]
[EventRounds "7"]
[SourceDate "2017.11.01"]
[SourceVersionDate "2017.11.01"]

1. d4 Nf6 2. Nf3 b6 3. Bf4 e6 4. e3 Bb7 5. Be2 d6 6. Nbd2 Nbd7 7. c4 Be7 8. Rc1
c5 9. h3 Rc8 10. O-O Rc7 11. a3 Qa8 12. Re1 h6 13. Bg3 O-O 14. Bf1 Rfc8 15. Nh2
cxd4 16. exd4 g6 17. Ng4 Kh7 18. Rc3 Nh5 19. d5 e5 20. Ne4 f5 21. Nxd6 Bxd6 22.
Bxe5 Nxe5 23. Nxe5 Re8 24. Rce3 Rce7 0-1

[Event "43rd Guernsey International Open"]
[Site "?"]
[Date "2017.10.19"]
[Round "5"]
[White "Sielicki, Tomasz"]
[Black "Boerkamp, Harry"]
[Result "1-0"]
[WhiteElo "1997"]
[BlackElo "1896"]
[PlyCount "41"]
[EventDate "2017.10.15"]
[EventType "swiss"]
[EventRounds "7"]
[SourceDate "2017.11.01"]
[SourceVersionDate "2017.11.01"]

1. d4 Nf6 2. Bf4 d5 3. e3 e6 4. Nf3 Bd6 5. Bg3 O-O 6. Bd3 c5 7. c3 Nc6 8. Nbd2
cxd4 9. exd4 Qc7 10. Bxd6 Qxd6 11. Qe2 Nd7 12. O-O-O e5 13. dxe5 Ncxe5 14. Bc2
Re8 15. Rhe1 Re6 16. Ng5 Rh6 17. f4 Ng6 18. Nxf7 Nxf4 19. Qe8+ Qf8 20. Nxh6+
gxh6 21. g3 1-0

[Event "43rd Guernsey International Open"]
[Site "?"]
[Date "2017.10.19"]
[Round "5"]
[White "Schadd, Jan"]
[Black "Kirby, Peter J"]
[Result "0-1"]
[WhiteElo "1869"]
[BlackElo "1996"]
[PlyCount "114"]
[EventDate "2017.10.15"]
[EventType "swiss"]
[EventRounds "7"]
[SourceDate "2017.11.01"]
[SourceVersionDate "2017.11.01"]

1. d4 Nf6 2. Nf3 g6 3. Bf4 Bg7 4. Nc3 d5 5. e3 O-O 6. Be2 c5 7. h3 Nc6 8. O-O
cxd4 9. exd4 Ne4 10. Nb5 a6 11. Nc7 Ra7 12. c4 e6 13. cxd5 exd5 14. Qb3 b5 15.
Qxd5 Qxd5 16. Nxd5 Nxd4 17. Nxd4 Bxd4 18. Rad1 Bxb2 19. Bh6 Bg7 20. Be3 Rd7 21.
Bf3 Nc3 22. Nxc3 Bxc3 23. Rc1 Bd2 24. Bxd2 Rxd2 25. Rfd1 Rxd1+ 26. Rxd1 Be6 27.
Rd6 Bxa2 28. Rxa6 Bc4 29. Rb6 Re8 30. h4 Re1+ 31. Kh2 Kg7 32. h5 gxh5 33. Bxh5
Rb1 34. Rc6 Be6 35. Rb6 b4 36. Be2 b3 37. f4 Rb2 38. Bf3 Rd2 39. f5 Bc4 40. Kg3
b2 41. f6+ Kh6 42. Kf4 Ba2 43. Ke3 Rxg2 44. Bxg2 b1=Q 45. Rxb1 Bxb1 46. Kf4 Kg6
47. Ke5 Kg5 48. Bd5 Bg6 49. Bc4 h5 50. Bf1 h4 51. Bg2 Bf5 52. Bh3 Bg4 53. Bg2
Be6 54. Bf3 h3 55. Bh1 Bc4 56. Bc6 Bf1 57. Bd7 Bg2 0-1

[Event "43rd Guernsey International Open"]
[Site "?"]
[Date "2017.10.19"]
[Round "5"]
[White "Ingham, H William"]
[Black "De Kruif, Kees"]
[Result "1/2-1/2"]
[WhiteElo "1817"]
[BlackElo "1993"]
[PlyCount "52"]
[EventDate "2017.10.15"]
[EventType "swiss"]
[EventRounds "7"]
[SourceDate "2017.11.01"]
[SourceVersionDate "2017.11.01"]

1. d4 Nf6 2. Bf4 c5 3. e3 cxd4 4. exd4 Nc6 5. c3 d5 6. Nd2 g6 7. Be2 Bg7 8.
Ngf3 O-O 9. Ne5 Nd7 10. Ndf3 f6 11. Nxd7 Bxd7 12. Qb3 e6 13. O-O b6 14. Rfe1
Qe7 15. Bf1 Qf7 16. Rad1 Rfe8 17. Bg3 Ne7 18. h3 Nf5 19. Bh2 Rad8 20. a4 Bc8
21. Bb5 Re7 22. Bd3 Bf8 23. Qc2 Rb7 24. Ba6 Re7 25. Bd3 Rb7 26. Ba6 Re7 1/2-1/2

[Event "43rd Guernsey International Open"]
[Site "?"]
[Date "2017.10.19"]
[Round "5"]
[White "Van den Boogaart, Jan Maarten"]
[Black "Canonne, Antoine"]
[Result "1/2-1/2"]
[WhiteElo "1991"]
[BlackElo "1893"]
[PlyCount "36"]
[EventDate "2017.10.15"]
[EventType "swiss"]
[EventRounds "7"]
[SourceDate "2017.11.01"]
[SourceVersionDate "2017.11.01"]

1. e4 c5 2. Nf3 e6 3. d4 cxd4 4. Nxd4 Bc5 5. Nb3 Bb6 6. Nc3 Ne7 7. Bf4 O-O 8.
Bd6 Nbc6 9. Be2 Bc7 10. O-O Bxd6 11. Qxd6 f5 12. f3 f4 13. Rad1 Ng6 14. Rf2 Qg5
15. Nc5 Nce5 16. b3 b6 17. Nd3 Nf7 18. Qb4 Bb7 1/2-1/2

[Event "43rd Guernsey International Open"]
[Site "?"]
[Date "2017.10.19"]
[Round "5"]
[White "Dijksterhuis, Rolf"]
[Black "Bakker, Joop"]
[Result "0-1"]
[WhiteElo "1955"]
[BlackElo "1853"]
[PlyCount "124"]
[EventDate "2017.10.15"]
[EventType "swiss"]
[EventRounds "7"]
[SourceDate "2017.11.01"]
[SourceVersionDate "2017.11.01"]

1. d4 d6 2. e4 Nf6 3. Nc3 c6 4. Nf3 Bg4 5. Be2 e6 6. h3 Bxf3 7. Bxf3 d5 8. O-O
Be7 9. exd5 exd5 10. Re1 O-O 11. Bg5 Nbd7 12. Ne2 h6 13. Bh4 Re8 14. Qd3 Ne4
15. Bxe7 Rxe7 16. Bxe4 dxe4 17. Qb3 Nf6 18. Rad1 Qb6 19. Qxb6 axb6 20. a3 Rae8
21. Ng3 g6 22. c4 Rd7 23. Re3 Rde7 24. Rde1 Kf8 25. Kf1 Re6 26. a4 Ra8 27. b3
Rae8 28. R1e2 h5 29. h4 R8e7 30. Ke1 Ke8 31. f3 exf3 32. Rxe6 Rxe6 33. Rxe6+
fxe6 34. gxf3 Nd7 35. Kd2 Ke7 36. Ne4 e5 37. d5 cxd5 38. cxd5 Nf6 39. Ke3 Nxd5+
40. Kd3 Kd7 41. Ng5 Nf4+ 42. Ke4 Ng2 43. Kxe5 Nxh4 44. Kf6 Kc6 45. b4 Kd5 46.
f4 Kc4 47. a5 b5 48. Ne4 Ng2 49. Nd6+ Kxb4 50. Nxb7 Nxf4 51. Ke5 Nd3+ 52. Kd4
Nc5 53. Nxc5 Kxa5 54. Kc3 h4 55. Ne4 b4+ 56. Kb3 Kb5 57. Ng5 Kc5 58. Nh3 Kd4
59. Kxb4 Ke4 60. Kc4 Kf3 61. Kd4 Kg3 62. Ng5 h3 0-1

[Event "43rd Guernsey International Open"]
[Site "?"]
[Date "2017.10.19"]
[Round "5"]
[White "Van Gils, Martin"]
[Black "Cook, Chris"]
[Result "1-0"]
[WhiteElo "1978"]
[BlackElo "1771"]
[PlyCount "113"]
[EventDate "2017.10.15"]
[EventType "swiss"]
[EventRounds "7"]
[SourceDate "2017.11.01"]
[SourceVersionDate "2017.11.01"]

1. e4 c5 2. Nc3 Nc6 3. g3 g6 4. Bg2 Bg7 5. d3 e6 6. Nge2 Nge7 7. Be3 Nd4 8. Qd2
a6 9. Nd1 Qc7 10. O-O Rb8 11. f4 b5 12. c3 Nxe2+ 13. Qxe2 Bb7 14. Nf2 d5 15.
Rac1 Rd8 16. g4 d4 17. cxd4 Bxd4 18. Bxd4 Rxd4 19. Qe3 e5 20. Rc2 Qd6 21. fxe5
Qxe5 22. Rfc1 c4 23. dxc4 Rxc4 24. Rxc4 bxc4 25. Rxc4 h5 26. Qc3 Qxc3 27. Rxc3
hxg4 28. Nxg4 f5 29. Rc7 Bxe4 30. Nf6+ Kf7 31. Nxe4 fxe4 32. Bxe4 Kf6 33. Ra7
Rb8 34. b3 Rb6 35. Kf2 Nc6 36. Ra8 Nd4 37. Bd3 Nb5 38. Ke3 Nc7 39. Rg8 Nd5+ 40.
Kd4 Nf4 41. Bc4 Rd6+ 42. Ke3 Nd5+ 43. Bxd5 Rxd5 44. Rf8+ Kg5 45. Rf2 Rb5 46.
Kd3 Rb4 47. Kc3 Rg4 48. b4 Kh4 49. a4 Re4 50. Rb2 g5 51. b5 Rxa4 52. b6 Rf4 53.
b7 Rf3+ 54. Kd4 Rf8 55. b8=Q Rxb8 56. Rxb8 Kh3 57. Rh8+ 1-0

[Event "43rd Guernsey International Open"]
[Site "?"]
[Date "2017.10.19"]
[Round "5"]
[White "Burton, Ronnie"]
[Black "Goris, Ton"]
[Result "1/2-1/2"]
[WhiteElo "1911"]
[BlackElo "2006"]
[PlyCount "120"]
[EventDate "2017.10.15"]
[EventType "swiss"]
[EventRounds "7"]
[SourceDate "2017.11.01"]
[SourceVersionDate "2017.11.01"]

1. c4 c5 2. g3 Nc6 3. Bg2 g6 4. Nc3 Bg7 5. d3 e6 6. e4 Nge7 7. Nge2 O-O 8. O-O
d6 9. Be3 Nd4 10. Qd2 Nec6 11. f4 f5 12. Kh1 a6 13. exf5 gxf5 14. Rae1 Rb8 15.
Bxd4 Nxd4 16. Nxd4 cxd4 17. Ne2 b5 18. b3 Bb7 19. Ng1 e5 20. Bxb7 Rxb7 21. Qg2
Qa8 22. Qd5+ Rbf7 23. Qxa8 Rxa8 24. Nf3 bxc4 25. bxc4 exf4 26. gxf4 Rb8 27. Re6
Rfb7 28. Rxd6 Rb1 29. Rxb1 Rxb1+ 30. Kg2 Rb2+ 31. Kg3 Rxa2 32. Nxd4 Bxd4 33.
Rxd4 Kf7 34. Rd7+ Ke8 35. Rd5 Rd2 36. Kf3 Rxh2 37. Rxf5 h5 38. Ra5 Rh3+ 39. Ke4
Rh1 40. Rxa6 h4 41. Rh6 h3 42. Kf3 h2 43. Kg2 Rd1 44. Kxh2 Rxd3 45. c5 Rc3 46.
Re6+ Kd7 47. Re5 Kc6 48. Kg2 Kd7 49. Kf2 Kc7 50. Re3 Rxc5 51. Kf3 Kd7 52. Kg4
Rc8 53. f5 Re8 54. Rxe8 Kxe8 55. Kf4 Kf7 56. Ke5 Ke7 57. f6+ Kf7 58. Kf5 Kf8
59. Ke6 Ke8 60. f7+ Kf8 1/2-1/2

[Event "43rd Guernsey International Open"]
[Site "?"]
[Date "2017.10.19"]
[Round "5"]
[White "Shaw, Meyrick"]
[Black "Rowe, Oliver"]
[Result "1-0"]
[WhiteElo "1954"]
[BlackElo "1634"]
[PlyCount "29"]
[EventDate "2017.10.15"]
[EventType "swiss"]
[EventRounds "7"]
[SourceDate "2017.11.01"]
[SourceVersionDate "2017.11.01"]

1. d4 Nf6 2. Nf3 d5 3. Bf4 c5 4. e3 Nc6 5. c3 Qb6 6. Qc2 cxd4 7. exd4 Bf5 8.
Qxf5 Qxb2 9. Be2 Qxa1 10. Qc2 Rc8 11. O-O Ne4 12. Qb3 Nxc3 13. Nxc3 Nxd4 14.
Bb5+ Kd8 15. Qxd5# 1-0

[Event "43rd Guernsey International Open"]
[Site "?"]
[Date "2017.10.19"]
[Round "5"]
[White "Magnussen, Pal"]
[Black "Morcom, Huw"]
[Result "1/2-1/2"]
[WhiteElo "1867"]
[BlackElo "1936"]
[PlyCount "94"]
[EventDate "2017.10.15"]
[EventType "swiss"]
[EventRounds "7"]
[SourceDate "2017.11.01"]
[SourceVersionDate "2017.11.01"]

1. e4 c5 2. Nf3 d6 3. d4 cxd4 4. Nxd4 Nf6 5. Nc3 a6 6. Be2 e5 7. Nb3 Be6 8. O-O
Be7 9. f4 Qc7 10. Be3 Nbd7 11. Kh1 O-O 12. Bd3 Rac8 13. Qf3 exf4 14. Qxf4 Bxb3
15. axb3 Ne5 16. Be2 d5 17. exd5 Bd6 18. Qg5 Ng6 19. h3 h6 20. Qf5 Rfe8 21. Qd3
Be5 22. Ra4 Bxc3 23. d6 Qd7 24. bxc3 Rc6 25. Rd4 Re6 26. Rd1 Re5 27. Bf3 Rc8
28. Bf2 b5 29. c4 Nf8 30. Bd5 Qf5 31. Qxf5 Rxf5 32. Bf3 N8d7 33. Bg3 bxc4 34.
bxc4 a5 35. Bb7 Rb8 36. Bc6 Rb2 37. Bxd7 Nxd7 38. Re4 Rb7 39. Re8+ Kh7 40. Re7
Kg6 41. Kg1 a4 42. Ra1 Ra5 43. Be1 Ra6 44. c5 Nxc5 45. Rxb7 Nxb7 46. Bb4 Nxd6
47. Bxd6 Rxd6 1/2-1/2

[Event "43rd Guernsey International Open"]
[Site "?"]
[Date "2017.10.19"]
[Round "5"]
[White "Winter, Kevin"]
[Black "Hawkins, James NH"]
[Result "1/2-1/2"]
[WhiteElo "1774"]
[BlackElo "1920"]
[PlyCount "23"]
[EventDate "2017.10.15"]
[EventType "swiss"]
[EventRounds "7"]
[SourceDate "2017.11.01"]
[SourceVersionDate "2017.11.01"]

1. e4 d5 2. exd5 Qxd5 3. Nc3 Qa5 4. d4 Nf6 5. Nf3 Bg4 6. Be2 e6 7. h3 Bh5 8.
Ne5 Bxe2 9. Qxe2 c6 10. O-O Nbd7 11. Nxd7 Kxd7 12. Bf4 1/2-1/2

[Event "43rd Guernsey International Open"]
[Site "?"]
[Date "2017.10.19"]
[Round "5"]
[White "Gravett, Alan D"]
[Black "Rowe, Peter"]
[Result "1/2-1/2"]
[WhiteElo "1810"]
[BlackElo "1974"]
[PlyCount "33"]
[EventDate "2017.10.15"]
[EventType "swiss"]
[EventRounds "7"]
[SourceDate "2017.11.01"]
[SourceVersionDate "2017.11.01"]

1. g3 d6 2. d4 g6 3. Bg2 Bg7 4. e4 c6 5. Ne2 Nd7 6. O-O Ngf6 7. Nbc3 e5 8. a4
a5 9. h3 h5 10. Bg5 Qc7 11. Qd2 O-O 12. Rad1 Kh7 13. dxe5 dxe5 14. b3 Ne8 15.
Be7 Rg8 16. h4 Bf8 17. Bg5 1/2-1/2

[Event "43rd Guernsey International Open"]
[Site "?"]
[Date "2017.10.19"]
[Round "5"]
[White "Brookfield, Toby"]
[Black "Agustsson, Hafsteinn"]
[Result "1/2-1/2"]
[WhiteElo "1859"]
[BlackElo "1925"]
[PlyCount "50"]
[EventDate "2017.10.15"]
[EventType "swiss"]
[EventRounds "7"]
[SourceDate "2017.11.01"]
[SourceVersionDate "2017.11.01"]

1. e4 c5 2. Nf3 Nc6 3. d4 cxd4 4. Nxd4 Nf6 5. Nc3 e5 6. Ndb5 d6 7. Bg5 a6 8.
Na3 b5 9. Nd5 Be7 10. Bxf6 Bxf6 11. c4 b4 12. Nc2 a5 13. Qf3 O-O 14. Nxf6+ Qxf6
15. Qxf6 gxf6 16. O-O-O Rd8 17. Ne3 Nd4 18. Bd3 Be6 19. g4 Rac8 20. Kb1 Rc5 21.
Nd5 Bxd5 22. exd5 Re8 23. h3 Kg7 24. Rhe1 Rcc8 25. Re3 Rh8 1/2-1/2

[Event "43rd Guernsey International Open"]
[Site "?"]
[Date "2017.10.19"]
[Round "5"]
[White "Strade, Arita"]
[Black "Van der Giessen, Ada Leona"]
[Result "0-1"]
[WhiteElo "1917"]
[BlackElo "1821"]
[PlyCount "66"]
[EventDate "2017.10.15"]
[EventType "swiss"]
[EventRounds "7"]
[SourceDate "2017.11.01"]
[SourceVersionDate "2017.11.01"]

1. Nf3 g6 2. g3 Bg7 3. Bg2 c6 4. O-O f5 5. d4 Nf6 6. c4 d6 7. Nc3 Qc7 8. d5 O-O
9. Nd4 Bd7 10. Re1 Na6 11. e4 fxe4 12. Nxe4 Nxe4 13. Rxe4 Rf7 14. Ne6 Bxe6 15.
dxe6 Rff8 16. Re2 Rad8 17. Bf4 Nc5 18. Bh3 Rxf4 19. gxf4 d5 20. Rd2 Ne4 21. Re2
Qxf4 22. Qd3 Be5 23. f3 Ng5 24. Bg4 Bd4+ 25. Kg2 dxc4 26. Qc2 Rf8 27. Rf1 Kg7
28. h4 h5 29. Bxh5 gxh5 30. hxg5 Qxg5+ 31. Kh1 Rxf3 32. Qc1 Rh3+ 33. Rh2 Qd5+
0-1

[Event "43rd Guernsey International Open"]
[Site "?"]
[Date "2017.10.19"]
[Round "5"]
[White "Murray, J Stephen"]
[Black "Hickman, John E"]
[Result "1/2-1/2"]
[WhiteElo "1763"]
[BlackElo "1910"]
[PlyCount "39"]
[EventDate "2017.10.15"]
[EventType "swiss"]
[EventRounds "7"]
[SourceDate "2017.11.01"]
[SourceVersionDate "2017.11.01"]

1. e4 d6 2. d4 Nf6 3. Nc3 g6 4. Nf3 Bg7 5. Be2 O-O 6. O-O c6 7. a4 Nbd7 8. Bg5
Qc7 9. Qc1 Re8 10. Re1 e5 11. dxe5 dxe5 12. Bh6 Nc5 13. Bc4 Be6 14. Bxg7 Kxg7
15. Bxe6 Nxe6 16. Rd1 a5 17. h3 Rad8 18. Qe3 Nf4 19. Kh2 Nd7 20. g3 1/2-1/2

[Event "43rd Guernsey International Open"]
[Site "?"]
[Date "2017.10.19"]
[Round "5"]
[White "Van Hoek, Wim"]
[Black "Frijling, Jeroen"]
[Result "1/2-1/2"]
[WhiteElo "1907"]
[BlackElo "1727"]
[PlyCount "65"]
[EventDate "2017.10.15"]
[EventType "swiss"]
[EventRounds "7"]
[SourceDate "2017.11.01"]
[SourceVersionDate "2017.11.01"]

1. e4 c5 2. Nf3 Nc6 3. c3 Nf6 4. Qc2 e6 5. Be2 Be7 6. O-O O-O 7. e5 Nd5 8. d4
cxd4 9. cxd4 d6 10. Nc3 Nxc3 11. bxc3 dxe5 12. dxe5 Qc7 13. Bf4 b6 14. Qe4 Bb7
15. Bd3 g6 16. Qe2 Rfd8 17. Rfd1 Na5 18. Rac1 Rac8 19. Nd4 Nc4 20. Be4 Bxe4 21.
Qxe4 Rd5 22. Nf3 Rcd8 23. Rxd5 Rxd5 24. g3 Ba3 25. Rc2 Qc6 26. Kg2 Qb5 27. Re2
Bf8 28. Nd4 Qa4 29. h4 Qd1 30. Re1 Qa4 31. Re2 Qd1 32. Re1 Qa4 33. Re2 1/2-1/2

[Event "43rd Guernsey International Open"]
[Site "?"]
[Date "2017.10.19"]
[Round "5"]
[White "Minnema, Rens"]
[Black "Bakkes, Frits"]
[Result "1-0"]
[WhiteElo "1892"]
[BlackElo "1636"]
[PlyCount "55"]
[EventDate "2017.10.15"]
[EventType "swiss"]
[EventRounds "7"]
[SourceDate "2017.11.01"]
[SourceVersionDate "2017.11.01"]

1. e4 Nf6 2. e5 Nd5 3. c4 Nb6 4. d4 d6 5. exd6 cxd6 6. Nc3 g6 7. Be3 Bg7 8. Be2
O-O 9. b3 N8d7 10. Rc1 Nf6 11. h3 Nbd7 12. Qd2 e5 13. Bf3 Re8 14. dxe5 dxe5 15.
Bd5 Nb6 16. Nge2 Nbxd5 17. Nxd5 Nxd5 18. cxd5 b6 19. O-O f5 20. Bg5 Qd7 21. d6
f4 22. Qd5+ Kh8 23. Qxa8 Qf5 24. Rfe1 Bd7 25. Qb7 h6 26. Rc7 Qxg5 27. Rxd7 Bf6
28. Rh7+ 1-0

[Event "43rd Guernsey International Open"]
[Site "?"]
[Date "2017.10.19"]
[Round "5"]
[White "Plug, Arjan"]
[Black "Cummins, John"]
[Result "1-0"]
[WhiteElo "1814"]
[BlackElo "1790"]
[PlyCount "47"]
[EventDate "2017.10.15"]
[EventType "swiss"]
[EventRounds "7"]
[SourceDate "2017.11.01"]
[SourceVersionDate "2017.11.01"]

1. e4 e5 2. d4 exd4 3. Qxd4 Nc6 4. Qe3 Be7 5. Nc3 h6 6. Bd2 d6 7. O-O-O Nf6 8.
Nd5 Bd7 9. h3 a6 10. f4 O-O 11. Nf3 Nxd5 12. exd5 Na7 13. g4 Re8 14. Qg1 Nb5
15. h4 c5 16. h5 Qb6 17. g5 Kh8 18. Bd3 Nd4 19. Nxd4 cxd4 20. Bc3 Qd8 21. Bxd4
hxg5 22. h6 Bf6 23. Qxg5 Bxg5 24. hxg7+ 1-0

[Event "43rd Guernsey International Open"]
[Site "?"]
[Date "2017.10.19"]
[Round "5"]
[White "Von Saldern, Ruediger"]
[Black "Spanton, Timothy R"]
[Result "1-0"]
[WhiteElo "1894"]
[BlackElo "1858"]
[PlyCount "117"]
[EventDate "2017.10.15"]
[EventType "swiss"]
[EventRounds "7"]
[SourceDate "2017.11.01"]
[SourceVersionDate "2017.11.01"]

1. d4 d5 2. Nf3 Nc6 3. c4 Bg4 4. e3 e6 5. Nc3 Nf6 6. Be2 dxc4 7. Bxc4 Bd6 8.
O-O O-O 9. h3 Bh5 10. Be2 Qe7 11. Qb3 a6 12. Rd1 Rfd8 13. Bd2 e5 14. dxe5 Nxe5
15. Nxe5 Bxe2 16. Nxe2 Qxe5 17. Ng3 Qg5 18. e4 Qh4 19. Nf5 Qxe4 20. Nxd6 Rxd6
21. Re1 Qd5 22. Qxd5 Nxd5 23. Rac1 c6 24. Bc3 Nxc3 25. Rxc3 Kf8 26. Rb3 Rd7 27.
Re4 Re8 28. Reb4 Ree7 29. Rb6 Ke8 30. Kh2 Kd8 31. f3 Kc8 32. h4 h5 33. Kh3 Rd1
34. Kg3 Ra1 35. a3 Rae1 36. Kf4 R1e2 37. g3 R2e6 38. g4 Rf6+ 39. Kg3 hxg4 40.
fxg4 Rfe6 41. h5 c5 42. Rxe6 Rxe6 43. g5 Kc7 44. Kf4 b5 45. Rh3 a5 46. h6 gxh6
47. gxh6 Re8 48. h7 Rh8 49. Kf5 c4 50. Kf6 b4 51. axb4 axb4 52. Kxf7 Kd6 53.
Kg7 Rxh7+ 54. Kxh7 Kd5 55. Kg6 Kd4 56. b3 c3 57. Rh4+ Kc5 58. Rc4+ Kb5 59. Kf5
1-0

[Event "43rd Guernsey International Open"]
[Site "?"]
[Date "2017.10.20"]
[Round "6"]
[White "Johnsen, Gunnar"]
[Black "Le Roux, Jean Pierre"]
[Result "0-1"]
[WhiteElo "2178"]
[BlackElo "2554"]
[PlyCount "46"]
[EventDate "2017.10.15"]
[EventType "swiss"]
[EventRounds "7"]
[SourceDate "2017.11.01"]
[SourceVersionDate "2017.11.01"]

1. d4 Nf6 2. c4 b6 3. Nc3 Bb7 4. Nf3 g6 5. Qc2 d5 6. cxd5 Nxd5 7. e4 Nxc3 8.
bxc3 Bg7 9. Bc4 O-O 10. h4 c5 11. h5 b5 12. Bxf7+ Rxf7 13. hxg6 hxg6 14. Ng5
Qe8 15. e5 Rf5 16. Rh4 Qc6 17. dxc5 Qxg2 18. Be3 Bd5 19. O-O-O Rxg5 20. Rxd5
Qxd5 21. Bxg5 Qe6 22. f4 Nd7 23. Qg2 Rc8 0-1